000 02163nas a2200493 c 4500
001 25060
003 ES-MaCES
005 20250526142646.0
007 cr |||||||||||
008 931207c1980 sp b| | 0spa d
022 1 _a2444-3476
022 1 _a2695-7337 (ISSNe)
022 1 _a0212-6095
035 _aCES19980000404p
_z10040
040 _aES-MaCES
_bspa
_cES-MaCES
245 0 0 _aNueva revista española de Derecho del trabajo
246 1 3 _aRevista española de Derecho del trabajo
_fhasta n. 160 (oct.-dic.. 2013)
_gISSN 0212-6095
260 _aMadrid (Ignacio Ellacuría, 3, 28017)
_bCivitas
300 _av.
_c24 cm
310 _aMensual
_bn. 161 (feb. 2014)-
321 _aBimestral
321 _aTrimestral
_bn. 125 (en.-marzo 2005)-n. 160 (oct.-dic. 2013)
500 _aCerrada la suscripción de la ed. impresa, continua ed. electrónica
500 _aDescripción basada en: n. 161 (feb. 2014)
500 _aComenzó con: n. 1 (en.-marzo 1980)
500 _aTít. tomado de la cub
541 _cCompra
580 _aA partir de 2014 se funde con: Justicia laboral, ISSN 1576-169X y con: Aranzadi Social. Revista doctrinal, ISSN 1889-1209, para formar: Nueva revista española de Derecho del trabajo, ISSN 0212-6095
650 4 _aderecho del trabajo
_927165
650 4 _aempleo
_928299
650 4 _928369
_arelaciones laborales
653 1 0 _aRelaciones laborales-Empleo
780 0 4 _tJusticia laboral : revista de derecho del trabajo y de la seguridad social
_w(ES-MaCES)25844
780 0 4 _tAranzadi social. Revista doctrinal
_w(ES-MaCES)25655
780 0 4 _tRevista española de Derecho del trabajo
_w(ES-MaCES)25060
853 2 1 _bn.
_iaño
_jmes
_vc
_wq
856 4 _uhttps://legalteca.aranzadilaley.es/my-library?sponsor=82111144-IP
_yLegalteca
856 4 _uhttp://www.ces.es/web/guest/claves-usuario#redt
_yClaves de acceso
866 0 _a(1983-1984),(1992)1993-2012(2013)2014-2022(2023)2024.
_zUbicación: DEPÓSITO - 10040
_zUbicación: SALA - REV.-2.0.-16
905 _1Boletín B
_fP
_k
_nRevisEspDerTra
_pA
942 _2CES
_cCR
_h2.0.
999 _c25060
_d25060